| 000 | 00617nam a22001817a 4500 | ||
|---|---|---|---|
| 003 | NUST | ||
| 038 | _aMr.Zahoor | ||
| 082 | _a610.28 | ||
| 100 |
_aIQRA MUNNAWAR _915397 |
||
| 245 |
_aAntimicrobial Chitosan - Zinc Oxide Hybrid Nanoparticles Incorporated Polymer Membranes for Water Disinfection / _cIQRA MUNNAWAR |
||
| 260 |
_aIslamabad : _bSMME - NUST, _c2015. |
||
| 300 | _a47 p. ; | ||
| 500 | _aHardcover. | ||
| 600 | _2Biomedical Science and Engineering - MS Thesis | ||
| 700 |
_aSupervisor : Dr Nasir M. Ahmad _9119933 |
||
| 856 | _uhttp://10.250.8.41:8080/xmlui/handle/123456789/6191 | ||
| 942 |
_2ddc _cTHE |
||
| 999 |
_c524594 _d524594 |
||